000 00681nam a22002177a 4500
003 OSt
005 20220408114911.0
008 110301s2021 dr 000 0 spa d
020 _a9789945608793
040 _aDO-SdBNP
_bspa
_cBNPHU
082 _axxxx
_bL925e
100 1 _aLozada Pérez, Hiram
_953018
245 1 3 _aEl espía de Betances /
_cHiram Lozada Pérez
260 _aSan Juan, Puerto Rico :
_bIsla Negra.
_bBúho.
_c2021.
300 _a161 p. :
_c22 cm.
500 _aIncluye datos biográficos del autor en la solapa de la portada.
500 _aImpreso en República Dominicana.
590 _aInventariado, 2022/ YL
910 _aYLockward
942 _2ddc
_cLBS1
999 _c51513
_d51513